000 00364nam a2200157Ia 4500
003 OSt
005 20240207094221.0
008 170523s9999 xx 000 0 und d
020 _a978-8131525623
040 _ciimt university meerut
100 _aRAJU- SM
245 0 _aTOTAL QUALITY MANAGEMENT
260 _bTATA MC GRAW HILL
260 _c1995
942 _2ddc
_c02
999 _c354
_d354